000 nam a22 7a 4500
999 _c55032
_d55032
003 OSt
005 20220808150321.0
008 220808b xxu||||| |||| 00| 0 eng d
040 _cIIMT UNIVERSITY
100 _aMITTAL, P.K
245 _aREAL ANALYSIN AND COME OF IMPRA INTG.
260 _aMEERUT
_bS.J
_c2002
300 _a270
942 _2ddc
_c09